000 00903nam a22002897a 4500
003 CHAP
005 20220329140516.0
008 971013s1987 r 00010 d
010 _a53055
011 _a54027
035 _a58177
040 _cCHAP
090 _aFolleto 10821
100 0 0 _aTalizina, Nina F.
_9111415
245 _aMétodos para la creación de programas de enseñanza
260 _aCmaguey :
_bUniv. de Camaguey,
_c1987
300 _a74 h.
590 _aBATCH-UPD
_b10
_c20130110
_lUCH01
_h0606
590 _aBATCH-UPD
_b10
_c20130410
_lUCH01
_h0248
590 _aBATCH-UPD
_b10
_c20130914
_lUCH01
_h1309
590 _aCONVERSION
_b10
_c20130109
_lUCH01
_h1329
650 1 4 _aEnseñanza.
_937085
901 _aBK
942 _cFOLL
949 _aFolleto 10821
_bBC
_cFOLL
_d-126369
_eTS1
_i58177
_mD. Prof. Linares
_si
949 _aFolleto 10821
_bBC
_cFOLL
_d33724000923991
_eTS2
_fc.2
_i58177
_sb
999 _c53055
_d53055